Statistics for Top 20 Most Famous Novels

Click here to take the quiz!

General Stats

  • This quiz has been taken 1,010 times
  • The average score is 11 of 20

Answer Stats

%AuthorBook% Correct
86George OrwellNineteen Eighty-Four
94%
85F. Scott FitzgeraldThe Great Gatsby
88%
64George OrwellAnimal Farm
87%
69J.D. SalingerThe Catcher in the Rye
81%
68John SteinbeckThe Grapes of Wrath
77%
57James JoyceUlysses
67%
53Vladimir NabokovLolita
65%
50Jack KerouacOn The Road
62%
53Aldous HuxleyBrave New World
61%
39William GoldingLord of the Flies
60%
50Joseph HellerCatch-22
59%
45Joseph ConradHeart of Darkness
53%
34Jack LondonThe Call of the Wild
48%
26Anthony BurgessA Clockwork Orange
42%
42Kurt VonnegutSlaughterhouse-Five
36%
24Ernest HemingwayA Farewell to Arms
35%
25Ernest HemingwayThe Sun Also Rises
28%
20D.H. LawrenceSons and Lovers
25%
24William FaulknerThe Sound and the Fury
25%
22James JoyceA Portrait of the Artist as a Young Man
23%

Score Distribution

Percentile by Number Answered

Percent of People with Each Score

Your Score History

You have not taken this quiz